000 00944cab a2200325 4500
001 ABS59079
008 090401t1998 xxu||||| |||| 00| 0 eng d
035 _a(Sirsi) u87444
041 _aeng
100 _aStrohm, P.
245 _aFirst hurdle
260 _c1998
350 _a0
490 _aEstates Gazette
_v(9827) 4 July 1998, 118-119(2)
520 _aConsiders the issues surrounding racecourse development as a means of providing a commercial return where out-of-town development and agriculture are not viable.
650 _aBRITISH HORSERACING BOARD
650 _aCATCHMENT AREA
650 _aCOMMERCIAL RETURN
650 _aFIXTURES
650 _aGREEN BELT
650 _aJOCKEY CLUB
650 _aLEISURE
650 _aPLANNING
650 _aRACECOURSES
650 _aTRANSPORT ISSUES
650 _aYORKSHIRE COUNTY CRICKET CLUB
690 _aLEISURE AND RECREATION
942 _n0
948 _c16/07/1998
999 _c55150
_d55150